000 00695nam a2200217 i 4500
001 90443
003 ES-MaACL
005 20230906180437.0
007 t|
008 050120s1983 sp ||||1| spa d
110 0 0 _aEspaña.
_tLeyes, etc.
_9184149
245 1 0 _aLegislación social básica /
_c[edición preparada por José E. Serrano Martínez].
250 _a[3ª ed.].
260 _a[Madrid] :
_bCívitas,
_c[1983]
300 _a555 p. ;
_c16 cm.
490 1 _aBiblioteca de legislación. Civitas
700 1 _aSerrano Martínez, José E.
_9105777
830 0 _aBiblioteca de legislación (Civitas)
_9182036
852 _aES-MaACL
_jL-5980
_bR.106419
999 _c90443
_d90443